A new certificate of proficiency English course whit practice and test papers

שמור ב:
מידע ביבליוגרפי
מחבר ראשי: Low, Ona (autora)
פורמט: ספר
שפה:אנגלית
יצא לאור: Londres Edward Arnold 1975
מהדורה:3a. ed
נושאים:
תגים: הוספת תג
אין תגיות, היה/י הראשונ/ה לתייג את הרשומה!

MARC

LEADER 00000cam a2200000 a 4500
001 UCF5914
003 CL-VaPUC
008 130404e19750000UK |||||||||||||||||eng|d
020 |a 0713119225 
082 0 4 |a 428.24  |b LOW  |2 21 
100 |a Low, Ona  |e autora  |9 567911 
245 1 2 |a A new certificate of proficiency English course whit practice and test papers 
250 |a 3a. ed 
300 |a 278 p 
942 |c BK 
945 |d 20130404 00:00:00  |a dcastane 
260 |a Londres  |b Edward Arnold  |c 1975 
650 0 |a Lengua inglesa  |9 318842 
650 0 |a Enseñanza del inglés  |9 367340 
583 |a last modification  |c 20130404 09:53:00  |k Rodrigo Vera 
999 |c 351307  |d 351305 
952 |0 0  |1 0  |4 0  |6 428_240000000000000_LOW_1975  |7 0  |8 P  |9 455342  |a BIBEDU  |b BIBEDU  |c BIBEDU_PB  |d 2019-11-22  |i 4950046  |o 428.24 LOW 1975  |p 4950046  |r 2024-01-25  |w 2019-11-22  |y BK  |k CIT